00320nam a2200121Ia 4500003000400000008004100004020002500045040000800070100002800078245004200106260004000148300001000188LDD181101s9999 xx 000 0 und d a9788175876651c64.00 cLDD aRizwi, Sifarish Hussain 0aIntekhab HalicSifarish Hussain Rizwi aNew DelhibMaktaba Jamia Ltd.c2011 a200p.